| 000 | 00491nam a22001697a 4500 | ||
|---|---|---|---|
| 003 | OSt | ||
| 008 | 260626b |||||||| |||| 00| 0 eng d | ||
| 020 | _a9789811609169 | ||
| 082 |
_a631.4 _bR16S |
||
| 245 | _aSoil Science: Fundamentals to Recent Advances / by edited by Amitava Rakshit | ||
| 260 |
_aSingapore : _bSpringer , _c2021. |
||
| 300 | _axxii, 902 p. | ||
| 650 | _aAgriculture & Related Technologies | ||
| 650 | _aSoil Science | ||
| 700 | _aRakshit, Amitava | ||
| 942 |
_2ddc _cBK |
||
| 999 |
_c52343 _d52343 |
||